[Event "Challenge"]
[Site "http://www.queenalice.com/game.php?id=14596"]
[Date "2005.5.29"]
[Round "-"]
[White "Gabriel"]
[Black "jsiebel"]
[Result "0-1"]
[WhiteElo "980"]
[BlackElo "1330"]

1. h3 e5 2. e3 e4 3. Bc4 d5 4. Bxd5 Qxd5 5. c3 g6 6. b3 Bg7 7. Ba3 Nf6 8. c4 Qd3
9. Ne2 Nc6 10. Bc5 Bf5 11. Ng3 O-O-O 12. Ne2 b6 13. Ba3 Nh5 14. Rf1 Bxa1 15. Be7
Nxe7 16. Rh1 g5 17. b4 Nf6 18. Nd4 Bxd4 19. exd4 Rxd4 20. Qc1 g4 21. hxg4 Bxg4
22. Rh6 Qe2# 0-1

[Event "Challenge"]
[Site "http://www.queenalice.com/game.php?id=14597"]
[Date "2005.5.29"]
[Round "-"]
[White "jsiebel"]
[Black "Gabriel"]
[Result "1-0"]
[WhiteElo "1341"]
[BlackElo "958"]

1. e4 Na6 2. e5 Nc5 3. Nf3 e6 4. d4 Na4 5. b3 b6 6. bxa4 Bb7 7. Nc3 Rc8 8. Be2
Bb4 9. Bb2 g5 10. g4 Ba5 11. Qd2 Nh6 12. Nxg5 Rg8 13. Nxh7 Rg6 14. Ba3 Ng8 15.
O-O-O Rg5 16. Nxg5 d6 17. exd6 cxd6 18. Qd3 Qxg5+ 19. Rd2 Bxc3 20. Rd1 e5 21.
Bxd6 Rd8 22. Qxc3 Bc6 23. Qxc6+ Rd7 24. dxe5 Qf5 25. gxf5 Nh6 26. Bb5 Kd8 27.
Bc7+ Ke8 28. Qxd7+ Kf8 29. Qe8+ Kg7 30. f6+ Kg6 31. Rg1+ Kh5 32. Be2+ Ng4 33.
Qxf7+ Kh4 34. Rd4 Kh3 35. Qh5# 1-0

[Event "Challenge"]
[Site "http://www.queenalice.com/game.php?id=14638"]
[Date "2005.5.29"]
[Round "-"]
[White "Gabriel"]
[Black "mza"]
[Result "0-1"]
[WhiteElo "1100"]
[BlackElo "1645"]

1. Nf3 Nc6 2. e3 e5 3. g3 e4 4. Nh4 Nh6 5. Na3 Qf6 6. Nb5 Bd6 7. b3 O-O 8. Rb1
Ne5 9. Bg2 Nhg4 10. d4 Qxf2# 0-1

[Event "Challenge"]
[Site "http://www.queenalice.com/game.php?id=14739"]
[Date "2005.5.31"]
[Round "-"]
[White "archnemesis"]
[Black "Gabriel"]
[Result "1-0"]
[WhiteElo "1431"]
[BlackElo "958"]

1. d4 d6 2. Bf4 e6 3. Nf3 Bd7 4. e3 g5 5. Bg3 g4 6. Nfd2 Nc6 7. c3 d5 8. Qxg4
Nh6 9. Qh5 Ng8 10. Bd3 Na5 11. b3 b6 12. O-O a6 13. Nf3 Nf6 14. Qh4 Rg8 15. Ne5
Bb5 16. Bxb5+ axb5 17. Nd2 Rc8 18. b4 Qd6 19. Nxf7 Qc6 20. Qxf6 Bg7 21. Qf3 Qd7
22. Ne5 Rf8 23. Qh5+ Ke7 24. Nxd7 Rf6 25. Nxf6 Bxf6 26. Qxh7+ Kd8 27. bxa5 bxa5
28. Qg8+ Kd7 29. Qf7+ Be7 30. Bh4 Rf8 31. Qxe7+ Kc6 32. Qxf8 a4 33. Qe8+ Kb6 34.
Qxe6+ c6 35. Bd8+ Ka6 36. Qxc6+ Ka7 37. Bc7 a3 38. Qb6+ Ka8 39. Qb8# 1-0

[Event "Challenge"]
[Site "http://www.queenalice.com/game.php?id=14810"]
[Date "2005.5.31"]
[Round "-"]
[White "Gabriel"]
[Black "Cuti"]
[Result "0-1"]
[WhiteElo "942"]
[BlackElo "1525"]

1. e4 e5 2. Nf3 Nc6 3. b3 Bb4 4. a3 Bc5 5. Qe2 d5 6. exd5 Qxd5 7. b4 Be7 8. Nc3
Qe6 9. Nb5 Bd6 10. Ng5 Qf5 11. Qc4 Qxg5 12. Nxd6+ Ke7 13. f4 Qf6 14. Nxf7 Qxf7
15. Qc5+ Kf6 16. g4 Bxg4 17. Qd5 Qxd5 18. Bb2 Qe4+ 19. Be2 Qxe2# 0-1

[Event "Challenge"]
[Site "http://www.queenalice.com/game.php?id=14973"]
[Date "2005.6.1"]
[Round "-"]
[White "wolframwuttkefussballgott"]
[Black "Gabriel"]
[Result "1-0"]
[WhiteElo "1392"]
[BlackElo "929"]

1. b4 Nc6 2. c3 e5 3. e4 Nh6 4. Nf3 f6 5. Bd3 Ng4 6. Qe2 h5 7. Nh4 Rh6 8. Nf5 h4
9. Qxg4 g6 10. Nxh6 Bxh6 11. Qxh4 Bg5 12. Qh7 d6 13. Qxg6+ Ke7 14. Qh7+ Ke8 15.
h4 Bf4 16. Rg1 Nd4 17. cxd4 Bh2 18. Qh8+ Kd7 19. Qh7+ Kc6 20. d5+ Kb6 21. Qh6
Bxg1 22. Qe3+ c5 23. bxc5+ dxc5 24. Ba3 1-0

[Event "Challenge"]
[Site "http://www.queenalice.com/game.php?id=15034"]
[Date "2005.6.2"]
[Round "-"]
[White "Gabriel"]
[Black "salso"]
[Result "0-1"]
[WhiteElo "1100"]
[BlackElo "1019"]

1. e4 e6 2. d4 d5 3. Bb5+ c6 4. Ba4 Nd7 5. Nf3 dxe4 6. Ng5 Ngf6 7. Bf4 h6 8. Nh3
Qa5+ 9. c3 g5 10. Be3 b5 11. Bc2 b4 12. Bd2 bxc3 13. bxc3 Ba6 14. a3 Bc4 15. Ng1
c5 16. Be3 Be7 17. Nd2 Bd3 18. Bb3 cxd4 19. Bxd4 e5 20. Be3 Rc8 21. Nc4 Rxc4 22.
Bxc4 Qxc3+ 23. Bd2 Qxc4 24. Rb1 Bxb1 25. Qxb1 O-O 26. Ba5 Rb8 27. Qa1 Qc2 28.
Ne2 Rb1+ 29. Qxb1 Qxb1+ 0-1

[Event "Challenge"]
[Site "http://www.queenalice.com/game.php?id=15170"]
[Date "2005.6.3"]
[Round "-"]
[White "LuisHenrique"]
[Black "Gabriel"]
[Result "1-0"]
[WhiteElo "1692"]
[BlackElo "958"]

1. e4 Nf6 2. Nc3 Ng4 3. Qxg4 e6 4. Qd1 h6 5. Nf3 Na6 6. d4 Nb4 7. d5 d6 8. dxe6
Bxe6 9. Be2 g6 10. O-O Nc6 11. Bb5 a6 12. Ba4 b5 13. Bb3 Bxb3 14. axb3 b4 15.
Nd5 Na5 16. Rxa5 c6 17. Ra4 c5 18. Re1 g5 19. e5 g4 20. exd6+ Kd7 21. Ne5+ Kc8
22. Nxf7 Qxd6 23. Nxd6+ Bxd6 24. Qxg4+ Kb8 25. Bf4 Bxf4 26. Qxf4+ Kb7 27. Qc7#
1-0

[Event "sÃ¡o paulo"]
[Site "http://www.queenalice.com/game.php?id=16603"]
[Date "2005.6.17"]
[Round "-"]
[White "valdir"]
[Black "Gabriel"]
[Result "1-0"]
[WhiteElo "1433"]
[BlackElo "942"]

1. b3 Nc6 2. Bb2 b5 3. a3 f6 4. e3 d5 5. Bxb5 Qd7 6. h3 Ne5 7. Bxd7+ Bxd7 8.
Bxe5 fxe5 9. Qh5+ g6 10. Qxe5 c6 11. Qxh8 Nf6 12. Nf3 Bf5 13. Ng5 Bxc2 14. Nxh7
Nd7 15. Nxf8 Ne5 16. Nxg6+ Kf7 17. Nxe5+ Ke6 18. Qxa8 Kf5 19. Nxc6 Ke4 20. Qxa7
Kf5 21. Nxe7+ Ke4 22. Qd4# 1-0

[Event "Challenge"]
[Site "http://www.queenalice.com/game.php?id=18390"]
[Date "2005.7.5"]
[Round "-"]
[White "Morbid"]
[Black "Gabriel"]
[Result "1-0"]
[WhiteElo "1215"]
[BlackElo "956"]

1. e4 Nf6 2. e5 Ne4 3. Qf3 Nc5 4. Bc4 e6 5. d4 Na4 6. Bb5 Bb4+ 7. c3 Ba5 8. Bxa4
Qg5 9. Bxg5 Rf8 10. b4 Bb6 11. Qh5 h6 12. Bh4 Rh8 13. Bc2 d5 14. Qg4 f5 15. Qxg7
Rf8 16. Qg6+ Rf7 17. Qxh6 Nd7 18. Nf3 f4 19. Qxe6+ Kf8 20. Qxd5 a5 21. Bb3 c5
22. Qxf7# 1-0

[Event "Challenge"]
[Site "http://www.queenalice.com/game.php?id=18746"]
[Date "2005.7.8"]
[Round "-"]
[White "Gabriel"]
[Black "catspawn735"]
[Result "0-1"]
[WhiteElo "942"]
[BlackElo "1706"]

1. d4 Nf6 2. Nf3 e6 3. e4 Nxe4 4. Be3 d5 5. Qd3 b6 6. Qb5+ c6 7. Qa4 Bd6 8. Bg5
Nxg5 9. Nh4 Qf6 10. Ba6 Bxa6 11. Nc3 Bc4 12. b3 Qxd4 13. Rd1 Qxc3+ 14. Rd2 Qe5+
15. Kd1 Qa1# 0-1

[Event "Challenge"]
[Site "http://www.queenalice.com/game.php?id=18751"]
[Date "2005.7.8"]
[Round "-"]
[White "Gabriel"]
[Black "swinton"]
[Result "0-1"]
[WhiteElo "942"]
[BlackElo "1190"]

1. Nc3 Nf6 2. e4 d5 3. exd5 Bg4 4. f3 Bf5 5. Bb5+ Nbd7 6. b4 a6 7. Bd3 g6 8. g4
Bxd3 9. cxd3 Ne5 10. Qa4+ c6 11. Nh3 Bh6 12. g5 Qd7 13. O-O Qxh3 14. f4 Nf3+ 15.
Kh1 Qxf1# 0-1

[Event "Challenge"]
[Site "http://www.queenalice.com/game.php?id=21717"]
[Date "2005.7.28"]
[Round "-"]
[White "Gabriel"]
[Black "Morbid"]
[Result "0-1"]
[WhiteElo "931"]
[BlackElo "1319"]

1. Nf3 d6 2. e4 e5 3. b4 g5 4. Nc3 g4 5. Bb5+ c6 6. Ba4 gxf3 7. gxf3 b5 8. Nxb5
cxb5 9. Bxb5+ Bd7 10. Bc4 Qc8 11. Bd3 Nc6 12. c3 Nf6 13. h4 h5 14. b5 Ne7 15. c4
Qc5 16. Qa4 Qd4 17. Rb1 Qxd3 18. Rb3 Qc2 19. Rc3 Qb1 20. O-O Bh3 21. Re1 Bh6 22.
Rd3 Qxd3 23. Qb4 Qxf3 24. Re3 Qg2# 0-1

[Event "Challenge"]
[Site "http://www.queenalice.com/game.php?id=22595"]
[Date "2005.8.4"]
[Round "-"]
[White "p3dr0"]
[Black "Gabriel"]
[Result "1-0"]
[WhiteElo "1303"]
[BlackElo "930"]

1. e4 Nc6 2. c4 e5 3. Nf3 d6 4. g3 Nh6 5. h4 Nb4 6. Qa4+ Nc6 7. d3 Bg4 8. Bg2
Qe7 9. Nc3 Qe6 10. Nd5 f6 11. Nxc7+ Kd8 12. Nxe6+ Kd7 13. Nxf8+ Rhxf8 14. Qb5 a6
15. Qxb7+ Ke6 16. Qxc6 Rfc8 17. Qd5+ 1-0

[Event "Machao"]
[Site "http://www.queenalice.com/game.php?id=23568"]
[Date "2005.8.11"]
[Round "-"]
[White "Morbid"]
[Black "Gabriel"]
[Result "1-0"]
[WhiteElo "1406"]
[BlackElo "930"]

1. e4 c5 2. Bc4 e6 3. e5 Nc6 4. f4 f5 5. d3 d5 6. Bb3 h5 7. c3 Rh6 8. Be3 b6 9.
Ba4 Qd7 10. Qf3 Ba6 11. c4 d4 12. Bxc6 dxe3 13. Bxd7+ Kxd7 14. Qxa8 Bc8 15.
Qxa7+ Ke8 16. Qxb6 Rg6 17. Qc7 Ba6 18. Qc6+ Ke7 19. Qxa6 Rg4 20. Nh3 Rxg2 21.
Qd6+ Ke8 22. Qxe6+ Ne7 23. Nc3 g5 24. Rg1 Bg7 25. Rxg2 Bh6 26. fxg5 Bg7 27. Nd5
Bf8 28. g6 Kd8 29. g7 Bxg7 30. Rxg7 Nxd5 31. Qxd5+ Ke8 32. e6 Kf8 33. Rh7 Kg8
34. Rxh5 f4 35. O-O-O Kg7 36. Qf5 e2 37. Rg1# 1-0

[Event "Machao II a revanche hehe"]
[Site "http://www.queenalice.com/game.php?id=23569"]
[Date "2005.8.11"]
[Round "-"]
[White "Gabriel"]
[Black "Morbid"]
[Result "0-1"]
[WhiteElo "930"]
[BlackElo "1385"]

1. Nf3 d5 2. d4 e6 3. Bg5 f6 4. Bh4 g5 5. Bg3 f5 6. h4 f4 7. Rh3 g4 8. Rh1 fxg3
9. fxg3 gxf3 10. gxf3 c6 11. e4 Qb6 12. Qd3 Qxb2 13. e5 Qxa1 14. Qd1 Qxa2 15.
Qc1 Qa5+ 16. c3 Bh6 17. f4 b5 18. Na3 b4 19. Nc2 bxc3 20. Qb1 Ne7 21. Ne3 c2+
22. Ke2 cxb1=Q 23. f5 Ba6+ 24. Kf2 Qbe1+ 25. Kf3 Bxe3 26. Bg2 Be2+ 27. Kxe3
Qad2# 0-1